00341nam a22001457a 4500003000400000008004100004020001800045082001500063100001600078245002100094250001100115260004800126300000900174700001200183OSt260223b |||||||| |||| 00| 0 eng d a9788198868985 a808.51 HEP aHENRY,Aruna aPitch the Speech a1st Ed aNew DelhibKabdwal Book Internationalc2025 a172p aD Henry